000 00574nam a22002417a 4500
003 UA-OsUOA
001 22573
007 ta
008 20031222b un ||||| |||| 00| 0 ukr d
090 _a162.6
_bС25
942 _cBK
040 _aUA-OsUOA
_brus
_cUA-OsUOA
_dUA-OsUOA
245 _aСвязь и обособленность
_cМ.А.Парнюк
300 _a296 с.
955 _a0
041 _arus
080 _a162.6
020 _a5-12-000018-5
260 _aКиев
_bНаукова думка
_c1988
044 _aRU
650 7 _2UDC
999 _c308794
_d308794